000
00322nam a22001337a 4500
020
_a
978-8178001128
041
_a
ENG
100
_a
reddy.M.A
245
_a
Textbook Of Remote Sensing Ans Geographical Information Systems
260
_a
Delhi
_b
BSP
_c
2013
300
_a
606
650
_a
SWCE
856
_u
Not To Be Issued
999
_c
2553
_d
2553